000 00590nam a2200253Ia 4500
008 210210b1940 xxu||||| |||| 00| 0 eng d
041 _aeng
082 _a825/1033
100 _aERVINE
245 _aBeing the transactions of the royal society of literature Vol 18
260 _aLondon
_bOxford University Press
_c1940
440 _a18
650 _aVol
650 _atransactions
650 _athe
650 _asociety
650 _aroyal
650 _aof
650 _aliterature
650 _aBeing
650 _a18
690 _aEnglish Criticism
906 _a015348
999 _c134708
_d134708